| 000 | 00396nam a2200109Ia 4500 | ||
|---|---|---|---|
| 008 | 160909s9999 xx 000 0 und d | ||
| 100 | _aCole, Tami | ||
| 245 | _aImpact of an organization identity intervention on employees' organizational commitment | ||
| 260 |
_bPepperdine University. _c2016 |
||
| 650 | _aMARKETING MANAGEMENT | ||
| 856 | _uhttp://pqdtopen.proquest.com/doc/1802529365.html?FMT=ABS | ||
| 999 |
_c304866 _d304866 |
||